000 01031nam a22003137i 4500
003 EG-GICUC
005 20260121101554.0
008 251231s1952 us ||||fr|||| 000 0 eng d
040 _aEG-GiCUC
_cEG-GiCUC
_dEG-GiCUC
_erda
_beng
041 _aeng
082 0 4 _221
_a341.3
_bRE
092 0 4 _221
099 _aLaw1 11 341.3 RE 1952
245 0 0 _aReadings In International Relations /
_cEdited By Frederick H. Hartmann.
264 1 _aNew York ;
_aToronto ;
_aLondon :
_bMcGraw-Hill,
_c1952.
300 _axiv, 303 pages ;
_c24 cm.
336 _2rda content
_atext
337 _2rda media
_aComputer
338 _2rda carrier
_aOnline Resource
490 0 _aMcGraw-Hill series in political science.
504 _aIncludes Bibliographic references.
546 _aText in English
650 1 4 _aInternational Relations
_xPublic international law
651 1 _2qrmak
700 1 _aHartmann, Frederick H.,
_eeditor.
856 4 0 _uhttps://fll.law.cu.edu.eg/fulltext/bks/B11-06590.pdf
905 _a75
942 _2ddc
_cBK
_e21
_n0
999 _c53395
_d53395